Mediterranean Geography A-Z - Statistics

General Stats
  • This quiz has been taken 332 times
  • The average score is 17 of 25
Answer Stats
Clue Answer % Correct
C Its capital is Barcelona Catalonia
94%
G Brittish territory in Iberia Gibraltar
93%
A Biggest bordering country Algeria
90%
M Second largest French city Marseille
90%
F If you are in the Côte d'Azur, you are here France
88%
J Major religion in Israel Judaism
86%
D Spotted dog breed came from here Dalmatia
84%
T Country situated in Anatolia Turkey
84%
R Once it had colossus Rhodes
79%
S Connection with the Red Sea Suez Canal
78%
E Napoleon I was exiled here Elba
76%
Y Former country (Serbia, Croatia etc.) Yugoslavia
76%
P Longest Italian river Po
75%
B Paris of the East Beirut
74%
U Country that owns Akrotiri and Dhekelia in Cyprus United Kingdom
74%
I Sea between Italy and Greece Ionian Sea
72%
V City situated on a group of 118 islands Venice
68%
W Most important product of Provence region Wine
65%
N Largest tributary Nile
57%
H Southern region of country that separates Croatia Herzegovina
52%
X He tryed to expand Persia in Europe Xerxes
51%
L Its capital is Genoa Liguria
43%
O In Berber the name ot this city means "two lions" Oran
40%
K Largest Adriatic island Krk
38%
Z Greeks call this island Zakynthos Zante
16%
No matching quizzes found
Score Distribution
Percent of People with Each Score
Percentile by Number Answered
Your Score History
You have not taken this quiz